LEADER 02688nam 2200577Ia 450 001 9910450345203321 005 20200520144314.0 010 $a1-282-08329-5 010 $a9786612083297 010 $a0-309-54916-7 035 $a(CKB)1000000000030465 035 $a(EBL)3377952 035 $a(SSID)ssj0000277121 035 $a(PQKBManifestationID)11253937 035 $a(PQKBTitleCode)TC0000277121 035 $a(PQKBWorkID)10233751 035 $a(PQKB)10140600 035 $a(MiAaPQ)EBC3377952 035 $a(Au-PeEL)EBL3377952 035 $a(CaPaEBR)ebr10082365 035 $a(CaONFJC)MIL208329 035 $a(OCoLC)923274282 035 $a(EXLCZ)991000000000030465 100 $a20050606d2005 uy 0 101 0 $aeng 135 $aurcn||||||||| 181 $ctxt 182 $cc 183 $acr 200 10$aAvoiding surprise in an era of global technology advances$b[electronic resource] /$fCommittee on Defense Intelligence Agency Technology Forecasts and Reviews, Division on Engineering and Physical Sciences, National Research Council 210 $aWashington, DC $cNational Academies Press$dc2005 215 $a1 online resource (138 p.) 300 $aDescription based upon print version of record. 311 $a0-309-09605-7 320 $aIncludes appendices and bibliographical references. 327 $a""Front Matter""; ""Preface""; ""Acknowledgment of Reviewers""; ""Contents""; ""Figures, Tables, Boxes, and Charts""; ""Acronyms""; ""Executive Summary""; ""1 Technology Warning: Motivation and Challenge""; ""2 Committee Methodology""; ""3 Challenges to Information Superiority""; ""4 Future Threats to U.S. Airpower in Urban Warfare""; ""5 Combatant Identification in Urban Warfare""; ""6 Biotechnology Trends Relevant to Warfare Initiatives""; ""7 Findings and Recommendations""; ""Appendixes""; ""Appendix A Biographical Sketches of Committee Members"" 327 $a""Appendix B Presentations to the Committee""""Appendix C Background Material for Chapter 1""; ""Appendix D Background Material for Chapter 3""; ""Appendix E Background Material for Chapter 6"" 330 $aSummary: Reviews technology areas that are critical to future U.S. military capabilities. 606 $aMilitary intelligence$zUnited States 606 $aTechnology assessment$zUnited States 608 $aElectronic books. 615 0$aMilitary intelligence 615 0$aTechnology assessment 676 $a355.3432 801 0$bMiAaPQ 801 1$bMiAaPQ 801 2$bMiAaPQ 906 $aBOOK 912 $a9910450345203321 996 $aAvoiding surprise in an era of global technology advances$92182170 997 $aUNINA LEADER 02560nam0-2200481---450 001 9910362759403321 005 20250527124507.0 012 $aI.C* e.a- 1.V. (bad (3) 1771 (R)$2fei$5IT-NA0338: b I 15 012 $aI.C* e.a- 1.V. (bad (3) 1771 (R)$2fei$5IT-NA0338: K a 50 012 $ai.uo V.s. f.3. (qmo (3) 1772 (R)$2fei$5IT-NA0338: b I 16 012 $ai.uo V.s. f.3. (qmo (3) 1772 (R)$2fei$5IT-NA0338: K a 51 100 $a20200115g17711772km-y0itay50------ba 101 0 $alat 102 $aCH 140 $aa-----------------bb0------- 200 1 $aBibliotheca botanica. Qua scripta ad rem herbariam facientia a rerum initiis recensentur. Auctore Alberto von Haller ... Tomus I. [-II.] 210 $aTiguri$capud Orell, Gessner, Fuessli, et Socc.$d1771-1772 215 $a2 v.$d4º 306 $aMarca non censita (Due divinità (Mercurio e Giunone) su una nuvola, in basso le iniziali: O.G.v.C.) sui front. 307 $aSegn.: )(-2)(? A-4M? 4N?(-4N4) (v. 1) 307 $aSegn.: A?(A1+?1) B-5F? ?¹. - Ultima carta bianca (v. 2) 307 $a1.: XVI, 654 p. ; 2.: [2], 785, [1] p. 312 $aA carta )(2r. occhietto: Bibliothecæ medicæ Pars I. 317 $aTimbro ovale: "R. Orto Botanico di Napoli Biblioteca Tenoreana" sul front.$5IT-NA0338: b I 15-16 321 1 $aPritzel$b1872$c3727$uhttps://books.google.it/books?id=_FnAgYaaY0AC&printsec=frontcover&hl=it&source=gbs_ge_summary_r&cad=0#v=onepage&q=haller&f=false 327 1 $a1.: Tempora ante Tournefortium$a2.: A Tournefortio ad nostra tempora 517 1 $aBibliothecæ medicæ 610 0 $aBotanica$aBibliografia 620 $aSvizzera.$dZurigo 700 1$aHaller,$bAlbrecht : von$f<1708-1777>$0424118 719 00$aOrell$h& Gessner & Füssli & C.$4650 801 0$aIT$bUNINA$gREICAT$2UNIMARC 856 4 $zVisualizza la versione elettronica in SBNWeb$uhttps://books.google.it/books?id=MjQ0hmlDVRwC&printsec=frontcover&hl=it&source=gbs_ge_summary_r&cad=0#v=onepage&q&f=false$e20200115 856 4 $zVisualizza la versione elettronica in SBNWeb$uhttps://books.google.it/books?id=x8h-VUkGrtcC&printsec=frontcover&hl=it&source=gbs_ge_summary_r&cad=0#v=onepage&q&f=false$e20200115 901 $aAQ 912 $a9910362759403321 952 $aK a 50$b1541$fDBV 952 $aK a 51$b1541$fDBV 952 $ab I 15$b195$fDBV 952 $ab I 16$b195$fDBV 959 $aDBV 996 $aBibliotheca botanica. Qua scripta ad rem herbariam facientia a rerum initiis recensentur. Auctore Alberto von Haller ... Tomus I.$91570397 997 $aUNINA